000 00423nam a2200169Ia 4500
008 100122s9999 xx 000 0 und d
082 _b73908
_a824
100 _aGANESH NARAYANI
245 _aEVERY MAN'S SPEAKING TREE
250 _a1
260 _bTIMES OF INDIA
_c2008
300 _a206
630 _aEVERY MAN'S SPEAKING TREE
700 _aGANESH NARAYANI
730 _aEVERY MAN'S SPEAKING TREE
942 _cBOOK
999 _c389902
_d389899